Introducción al Derecho : popedéutica fiolosófica /
Guardado en:
| Autor Principal: | |
|---|---|
| Otros Autores: | , |
| Formato: | Desconocido |
| Idioma: | Spanish |
| Publicado: |
Buenos Aires :
Ariel,
1981
|
| Series: | Introducción al Derecho. Propedéutica filosófica ;
3 |
| Materias: | |
| Etiquetas: |
Agregar Etiqueta
Sin Etiquetas, Sea el primero en etiquetar este registro!
|
| LEADER | 00576nac a22001695a 4500 | ||
|---|---|---|---|
| 001 | DER.der013432 | ||
| 008 | 180615s1981####ag#||||||||||||||#||spa|| | ||
| 005 | 20250206090451.0 | ||
| 245 | 1 | 0 | |a Introducción al Derecho : |b popedéutica fiolosófica / |c Juan A. Casaubon. |
| 260 | |a Buenos Aires : |b Ariel, |c 1981 | ||
| 300 | |a 113 p. | ||
| 490 | 1 | |a Introducción al Derecho. Propedéutica filosófica ; |v 3 | |
| 100 | 1 | |a Casaubon, Juan A. | |
| 700 | 1 | |a Pueyrredón, Juan Marcos | |
| 700 | 1 | |a Iribarne, Héctor P. | |
| 650 | 7 | |a INTRODUCCION AL DERECHO | |
| 859 | |a DERECHO |b BIB. DERECHO |h 340.1 |i CAS |p 008390 | ||
